书目信息 |
| 题名: |
刑事政策学
|
|
| 作者: | 李卫红 著 | |
| 分册: | ||
| 出版信息: | 北京 北京大学出版社 2009.01 |
|
| 页数: | 352页 | |
| 开本: | 23cm | |
| 丛书名: | 21世纪法学系列教材 | |
| 单 册: | ||
| 中图分类: | D914.01 | |
| 科图分类: | ||
| 主题词: | 刑事政策--xing shi zheng ce--政策学--高等教育--教材 | |
| 电子资源: | ||
| ISBN: | 978-7-301-14852-5 | |
| 000 | 00940nam 2200265 450 | |
| 001 | 012009056573 | |
| 005 | 20090621101854.01 | |
| 010 | @a978-7-301-14852-5@dCNY33.00 | |
| 100 | @a20090621d2009 em y0chiy0120 ea | |
| 101 | 0 | @achi |
| 102 | @aCN@b110000 | |
| 105 | @ay z 000yy | |
| 106 | @ar | |
| 200 | 1 | @a刑事政策学@Axing shi zheng ce xue@f李卫红著@Fli wei hong zhu |
| 210 | @a北京@c北京大学出版社@d2009.01 | |
| 215 | @a352页@d23cm | |
| 225 | 2 | @a21世纪法学系列教材@A21 shi ji fa xue xi lie jiao cai@i刑事法律系列 |
| 300 | @a北京市高等教育精品教材立项项目 | |
| 330 | @a本书内容包括:刑事政策学概述、刑事政策的概念和分类、实然宏观刑事政策、应然宏观刑事政策的基础论证等。 | |
| 410 | 0 | @12001 @a21世纪法学系列教材@i刑事法律系列 |
| 606 | 0 | @a刑事政策@Axing shi zheng ce@x政策学@x高等教育@j教材 |
| 690 | @aD914.01@v4 | |
| 701 | 0 | @a李卫红@Ali wei hong@4著 |
| 801 | 0 | @aCN@bQSSK@c20090621 |
| 905 | @b745320-22@dD914.01@eL282@f3 | |
| 刑事政策学/李卫红著.-北京:北京大学出版社,2009.01 |
| 352页;23cm.-(21世纪法学系列教材.刑事法律系列) |
| 北京市高等教育精品教材立项项目 |
| ISBN 978-7-301-14852-5:CNY33.00 |
| 本书内容包括:刑事政策学概述、刑事政策的概念和分类、实然宏观刑事政策、应然宏观刑事政策的基础论证等。 |
| ● |
| 相关链接 |
|
|
|
正题名:刑事政策学
索取号:D914.01/L282
 
预约/预借
| 序号 | 登录号 | 条形码 | 馆藏地/架位号 | 状态 | 备注 |
| 1 | 745320 | 207453209 | 社科库509/509社科库 82排1列2层/ [索取号:D914.01/L282] | 在馆 | |
| 2 | 745321 | 207453218 | 社科库509/509社科库 82排1列2层/ [索取号:D914.01/L282] | 在馆 | |
| 3 | 745322 | 207453227 | 社科库509/509社科库 82排1列2层/ [索取号:D914.01/L282] | 在馆 |